| 000 | 00612 a2200193 4500 | ||
|---|---|---|---|
| 005 | 20240516105324.0 | ||
| 010 | _aB-759035 | ||
| 020 |
_a8170249899 _c700.00 |
||
| 035 | _aB-759035 | ||
| 037 | _bGift/Unesco | ||
| 082 | _a362.83082 | ||
| 100 |
_aTripathy, Prabhat Chandra _966258 |
||
| 245 |
_aCrime Against Working Women/ _cPrabhat Chandra Tripathy |
||
| 260 |
_aNew Delhi _bAPH Publishing Corporation _c1998 |
||
| 270 |
_a5, Ansari Road Daryaganj _bNew Delhi |
||
| 300 |
_a391 p. _c23cm (Hb) |
||
| 942 |
_adpl _cEN _2ddc _h362.83082 _mTRI |
||
| 999 |
_c202872 _d202872 |
||